00654nam a2200205Ia 4500952013100000999001700131003000400148005001700152008004100169020001800210040000900228082002000237100002800257245003400285250001200319260004900331300001000380650001200390942004600402 00102ddc40708LITaMESbMEScENGd2019-02-20g875.00l0o891.4336 ORS/Pp36812r2019-02-20 00:00:00w2019-02-20yBKzGR16R1 c14711d14711OSt20201021122538.0190216s9999||||xx |||||||||||||| ||und|| a9780195665017 coclc a891.4336bORS/P aOrsini, Francesca96012 0aPremchand /cFrancesca Orsini a6th Ed. bOxford University Press ,c2012.aNew Delhi: a1000p aEnglish cBK2ddch891.4336iORS/Pk891.4336mORS/P